[Event "17th Prague Open 2018"]
[Site "Prague"]
[Date "2018.01.13"]
[Round "3"]
[White "Pacher, Milan"]
[Black "Hrdina, Robin"]
[Result "1-0"]
[WhiteElo "2444"]
[BlackElo "2156"]
[Annotator "TA"]
[PlyCount "75"]
[EventDate "2018.??.??"]
[EventType "swiss"]
[EventCountry "CZE"]
[SourceTitle "playchess.com"]
[Source "ChessBase"]
[SourceQuality "1"]

{[%evp 20,75,13,21,25,18,20,10,11,2,7,0,16,-64,-58,-60,-45,-37,-30,-27,-21,-21,-21,-19,-14,-29,-5,0,0,0,0,0,4,0,0,0,0,-64,0,-20,-22,-24,0,0,0,0,148,161,133,140,124,107,99,80,188,184,173,163]} 1. e4 c5 2. Nf3 e6 3. d4 cxd4 4. Nxd4 a6 5. c4 Nf6 6. Nc3 Qc7 7. Bd3 Nc6 8. Nxc6 dxc6 9. O-O e5 10. h3 Be6 {B42: Sicilian: Kan Variation: 5 Bd3} (10... Bc5 11. Be3 Bxe3 12. fxe3 Qe7 13. a3 h5 14. b4 Be6 15. Be2 h4 16. Qa4 Kf8 17. Qa5 Rh6 18. Qxe5 {0-1 (51) Bodnaruk,A (2440)-Arabidze,M (2320) Belgrade 2013}) 11. Be3 {LiveBook: 8 Games} Be7 12. Rc1 Rd8 {The position is equal.} 13. Qe2 O-O $146 ({Predecessor:} 13... Bc8 14. Na4 Nd7 15. c5 O-O 16. b4 Nf6 {1-0 (39) Donko,M (2096)-Johnsen,O (1951) Kecskemet 2013}) 14. Rfd1 Qb8 15. Bb6 Rde8 16. Qe3 (16. a3 $11) 16... Nd7 $15 {White must now prevent ...h6.} 17. Na4 Nxb6 18. Qxb6 Rd8 19. Be2 Rxd1+ 20. Rxd1 Rd8 21. Rxd8+ Bxd8 22. Qb4 a5 23. Qd2 b6 {[%cal Bb7b6,Bb6b5][%mdl 32]} 24. b3 Be7 25. Bg4 {next Bxe6 is good for White.} b5 26. Nb2 Bb4 27. Qe2 Bxg4 28. Qxg4 ({White should play} 28. hxg4 $11 g6 29. Qc2) 28... Bc3 (28... Ba3 $1 $15 29. Qe2 Bxb2 30. Qxb2 bxc4) 29. Nd3 bxc4 30. bxc4 Bd4 31. Qd7 Qb1+ 32. Kh2 {[%cal Rd7e8] [#]} g6 (32... h6 $11 {keeps the balance.}) 33. Qe8+ $16 Kg7 34. Nxe5 Bxe5+ 35. Qxe5+ Kg8 36. a4 Qb6 {[#]} (36... c5 $16) 37. c5 $1 $18 {[%cal Rc5b6]} Qb7 38. f4 {Precision: White = 49%, Black = 31%.} 1-0

[Event "17th Prague Open 2018"]
[Site "Prague"]
[Date "2018.01.13"]
[Round "3"]
[White "Thakur, Akash"]
[Black "Stoyanov, Tsvetan"]
[Result "1/2-1/2"]
[WhiteElo "2338"]
[BlackElo "2242"]
[Annotator "NA"]
[PlyCount "45"]
[EventDate "2018.??.??"]
[EventType "swiss"]
[EventCountry "CZE"]
[SourceTitle "playchess.com"]
[Source "ChessBase"]
[SourceQuality "1"]
[TimeControl "40/5400+30:1800+30"]

1. e4 e5 2. Nf3 Nc6 3. d4 exd4 4. Nxd4 Bc5 5. Nxc6 Qf6 6. Qf3 dxc6 7. Qxf6 Nxf6 8. Bd3 Be6 9. O-O h6 10. Nc3 O-O-O 11. Bf4 Rhe8 12. Rad1 a6 13. h3 Bd4 14. a3 c5 15. Rfe1 Bxc3 16. bxc3 c4 17. Be2 Nxe4 18. Rxd8+ Kxd8 19. Be5 f6 20. Bh5 Re7 21. Bxc7+ Kxc7 22. Rxe4 Kd6 23. Rd4+ 1/2-1/2

[Event "17th Prague Open 2018"]
[Site "Prague"]
[Date "2018.01.13"]
[Round "3"]
[White "Luukkonen, Tommi"]
[Black "Novy, Filip"]
[Result "1-0"]
[WhiteElo "2331"]
[BlackElo "2217"]
[Annotator "TA"]
[PlyCount "111"]
[EventDate "2018.??.??"]
[EventType "swiss"]
[EventCountry "CZE"]
[SourceTitle "playchess.com"]
[Source "ChessBase"]
[SourceQuality "1"]

{[%evp 20,111,16,8,68,29,77,0,0,0,0,2,35,0,65,20,47,50,49,46,77,83,92,92,85,56,78,0,69,62,60,0,54,0,66,39,42,33,59,27,50,31,72,37,40,35,32,34,25,15,18,0,0,0,0,-7,0,-42,0,-15,-22,-116,-102,-107,0,0,0,0,0,0,0,0,0,-90,-91,-130,505,452,674,621,29972,29973,29971,29974,29971,29974,29977,29978,29995,29987,29997,29998,29998,29999]} 1. e4 c5 2. Nf3 e6 3. d3 Nc6 4. g3 d5 5. Qe2 Nf6 6. Bg2 Be7 7. O-O O-O 8. e5 Nd7 9. c4 dxc4 10. dxc4 Qc7 {C00: Französische Verteidigung (Seltene Züge)} (10... b6 11. Rd1 Qc7 12. Nc3 a6 13. Bf4 Bb7 14. Nd5 exd5 15. cxd5 Ncxe5 16. Nxe5 Bd6 17. Nc6 Bxf4 18. gxf4 {0-1 (45) Balogh,C (2632)-Fridman,D (2602) Bastia 2013}) 11. Bf4 {LiveBook: 18 Partien} a6 (11... Nd4 $11 12. Nxd4 cxd4) 12. Nc3 Rb8 {Weiß hat minimalen Vorteil.} 13. Nd5 $146 (13. Rfd1 $16) ({Vorgänger:} 13. Rad1 h6 14. h4 Rd8 15. Ne4 Ndxe5 16. Nxe5 Nxe5 17. Rxd8+ Bxd8 18. Nxc5 {1-0 (29) Zakarian,D (2330)-Ilic,S (2182) Chalkidiki 2008}) 13... exd5 $11 14. cxd5 {[#] Droht e6 und aus.} Ncxe5 $1 {[%mdl 512]} 15. Nxe5 Bd6 {[%cal Rd7e5]} 16. Nd3 Nf6 (16... c4 $11 17. Bxd6 Qxd6) 17. Rac1 {Schwarz sollte Txc5! verhindern.} b6 18. b4 Bxf4 19. Nxf4 Bb7 20. Rfd1 Qd6 21. bxc5 bxc5 22. Qc4 Rfc8 23. Ne6 (23. Nd3 $16) 23... Nd7 (23... fxe6 $11 24. dxe6 Qc7 25. e7+ Kh8) 24. Ng5 $14 Nf6 25. Ne6 {[%cal Re6c5]} Nd7 26. Nf4 (26. Bh3 {looks sharper.} Ne5 27. Qf4 c4 28. Ng5 Re8 29. Bg2) 26... Nf6 27. Rd2 h6 28. h4 Ba8 29. a3 Rc7 30. Bf3 Rd8 31. Rcd1 {zielt auf Se6! ab.} Re7 32. h5 Rde8 33. Rc2 Rc7 34. a4 Rb8 35. Rdc1 a5 36. Qc3 Rb4 37. Qe3 {[%cal Rc2c5]} c4 $1 38. Qa3 Rd7 {[%cal Ra8d5]} (38... Bxd5 $2 39. Rd1 $18) 39. Qa2 Qb6 {und nun wäre ...Tb3 stark für Schwarz.} 40. Qa1 (40. Be2 $1 $11) 40... Nxd5 $17 41. Qe5 {Weiss will mit De8+ Matt setzen.} Re7 ({Besser ist} 41... Qd8 $1 $17 42. Nxd5 Bxd5 43. Bxd5 Rxd5) 42. Qf5 $36 {[%mdl 2048] Weiss hat Druck.} Nxf4 43. Qc8+ Kh7 44. Qxa8 Nh3+ $1 45. Kg2 Ng5 {...De6 ist eine echte Drohung.} 46. Bd5 (46. Rxc4 $11 {hält das Gleichgewicht.} Rb2 47. R1c2 Rxc2 48. Rxc2) 46... c3 $1 $17 47. f4 Ne4 $2 {[%mdl 8192] [#]} (47... Ne6 $1 $17 {[%cal Re6f4] Droht stark ...Sxf4+!} 48. Bf3 (48. Be4+ g6 $17) 48... Rb2 49. Qe4+ (49. Be4+ g6 $17) 49... Kg8) 48. Re1 $1 $18 Qd4 {[#]} (48... Rd4 $142 49. Rxe4 (49. Bxe4+ Rexe4 50. Rxe4 Rd8 $17) 49... Qb1) 49. Rxe4 $1 Qd1 50. Rxe7 {Weiß setzt Matt.} Qxc2+ 51. Kh3 Qf5+ 52. g4 Qd3+ 53. Kh4 c2 54. Rxf7 c1=Q {[#]} 55. Rxg7+ $1 {[%mdl 512]} Kxg7 56. Qg8+ {Precision: Weiß = 46%, Schwarz = 47%.} 1-0

[Event "17th Prague Open 2018"]
[Site "Prague"]
[Date "2018.01.13"]
[Round "3"]
[White "Sergienko, Sergey"]
[Black "Ranaldi, Lucas"]
[Result "1-0"]
[WhiteElo "2329"]
[BlackElo "2212"]
[Annotator "TA"]
[PlyCount "99"]
[EventDate "2018.??.??"]
[EventType "swiss"]
[EventCountry "CZE"]
[SourceTitle "playchess.com"]
[Source "ChessBase"]
[SourceQuality "1"]

{[%evp 22,99,79,35,39,38,38,38,38,44,50,35,89,84,108,100,109,90,139,137,137,138,140,147,209,139,304,204,197,206,201,165,178,172,175,172,177,152,165,167,179,159,168,132,128,96,147,141,184,181,214,214,214,212,218,210,198,187,314,306,548,525,1314,1113,1488,1420,1362,1390,1409,1259,1259,1113,1182,956,1327,1192,2065,862,29964,12014]} 1. Nf3 c5 2. e4 d6 3. Bb5+ Nc6 4. O-O Bd7 5. Re1 Nf6 6. h3 a6 7. Bf1 e5 {B51: Sicilian: Moscow Variation (3 Bb5+) without 3...Bd7} 8. c3 g5 9. Nxg5 Rg8 10. d4 h6 11. Nf3 Bxh3 12. dxe5 {LiveBook: 3 Games} Nxe5 $146 ({Predecessor:} 12... dxe5 13. Qxd8+ Rxd8 14. Nbd2 Be6 15. Nc4 Ng4 {½-½ (27) Libiszewski,F (2543)-Jones,G (2663) Kilkenny 2016}) 13. Nxe5 dxe5 14. Qxd8+ Rxd8 15. Nd2 Be6 16. Nc4 Nd7 (16... Bxc4 $1 $14 17. Bxc4 h5) 17. a4 $16 h5 18. Be3 Be7 19. Rad1 b6 20. Nd6+ Bxd6 21. Rxd6 Ke7 22. Red1 Bg4 (22... c4 $16 23. a5 bxa5 24. Rxa6 Ra8) 23. R1d5 f6 $2 {[#]} (23... c4 $16 24. a5 Be6) 24. Kh2 ({Don't play} 24. Bxa6 Be6 $18) 24... Be6 25. Rd2 c4 26. a5 bxa5 27. Rxa6 Ra8 28. Rxe6+ Kxe6 29. Bxc4+ Ke7 30. Bxg8 Rxg8 $18 {[%mdl 4096] Endgame KRB-KRN} 31. Kh3 a4 32. Rd5 Rb8 33. Bc1 a3 ({Black should try} 33... Rc8) 34. bxa3 $16 Rb3 35. Kh4 Rxc3 36. Bd2 Rc4 37. Bb4+ Ke8 38. Kxh5 Rxe4 39. f3 Re2 (39... Rc4 {might work better.} 40. Kg6 e4) 40. Rd2 $18 Rxd2 $2 {[#]} (40... Re1 41. Rc2 Re3) 41. Bxd2 {KB-KN} Kf7 42. a4 {[%cal Ba3a4,Ba4a5][%mdl 32]} Nc5 43. a5 Na6 44. Be3 Nb4 45. Bc5 Na6 46. Bb6 Nb4 47. g4 Na6 48. Kh6 Nb4 49. Bd8 Na6 50. Bxf6 {Precision: White = 79%, Black = 23%.} 1-0

[Event "17th Prague Open 2018"]
[Site "Prague"]
[Date "2018.01.13"]
[Round "3"]
[White "Kulkarni, Bhakti"]
[Black "Shevchenko, Danylo"]
[Result "1-0"]
[WhiteElo "2306"]
[BlackElo "2164"]
[Annotator "NA"]
[PlyCount "61"]
[EventDate "2018.??.??"]
[EventType "swiss"]
[EventCountry "CZE"]
[SourceTitle "playchess.com"]
[Source "ChessBase"]
[SourceQuality "1"]
[TimeControl "40/5400+30:1800+30"]

1. d4 {[%emt 0:00:00]} d5 {[%emt 0:00:03]} 2. c4 {[%emt 0:00:21]} Nc6 {[%emt 0:00:04]} 3. Nc3 {[%emt 0:00:45]} dxc4 {[%emt 0:00:08]} 4. d5 {[%emt 0:02:05]} Ne5 {[%emt 0:00:02]} 5. f4 {[%emt 0:00:21]} Ng4 {[%emt 0:00:24]} 6. e4 {[%emt 0:03:06]} e5 {[%emt 0:00:21]} 7. f5 {[%emt 0:05:57]} h5 {[%emt 0:02:59]} 8. Be2 {[%emt 0:22:39]} Bc5 {[%emt 0:11:46]} 9. Bxg4 {[%emt 0:00:30]} Qh4+ {[%emt 0:06:02]} 10. g3 {[%emt 0:00:15]} Qxg4 {[%emt 0:00:04]} 11. Qa4+ {[%emt 0:04:43]} Bd7 {[%emt 0:02:43]} 12. Qxc4 {[%emt 0:01:12]} Bb6 {[%emt 0:09:11]} 13. Qe2 {[%emt 0:04:06]} g6 {[%emt 0:19:08]} 14. fxg6 {[%emt 0:07:55]} fxg6 {[%emt 0:06:04]} 15. Nf3 {[%emt 0:01:36]} Bd4 {[%emt 0:00:26]} 16. Bg5 {[%emt 0:07:22]} Ne7 {[%emt 0:01:39]} 17. Nxd4 {[%emt 0:06:05]} Qxg5 {[%emt 0:08:50]} 18. Nf3 {[%emt 0:06:16]} Qf6 {[%emt 0:00:06]} 19. O-O {[%emt 0:01:08]} O-O-O {[%emt 0:03:34]} 20. Qe3 {[%emt 0:01:14]} Bh3 {[%emt 0:10:19]} 21. Rf2 {[%emt 0:01:34]} Rdf8 {[%emt 0:03:13]} 22. Qxa7 {[%emt 0:02:54]} g5 {[%emt 0:01:50]} 23. Na4 {[%emt 0:03:31]} Kd8 {[%emt 0:02:10]} 24. Rc1 {[%emt 0:00:46]} Nc8 {[%emt 0:02:22]} 25. Qxb7 {[%emt 0:00:33]} Rf7 {[%emt 0:00:56]} 26. Rc6 {[%emt 0:00:44]} Nd6 {[%emt 0:03:55]} 27. Qb8+ {[%emt 0:00:17]} Bc8 {[%emt 0:00:03]} 28. Nb6 {[%emt 0:06:28]} h4 {[%emt 0:02:45]} 29. Nxc8 {[%emt 0:00:48]} hxg3 {[%emt 0:00:37]} 30. Nxd6+ {[%emt 0:00:12]} Ke7 {[%emt 0:00:17]} 31. Rxc7+ {[%emt 0:00:08]} 1-0

[Event "17th Prague Open 2018"]
[Site "Prague"]
[Date "2018.01.13"]
[Round "3"]
[White "Lee, Jun Hyeok"]
[Black "Solozhenkin, Evgeniy"]
[Result "1-0"]
[WhiteElo "2305"]
[BlackElo "2451"]
[Annotator "TA"]
[PlyCount "67"]
[EventDate "2018.??.??"]
[EventType "swiss"]
[EventCountry "CZE"]
[SourceTitle "playchess.com"]
[Source "ChessBase"]
[SourceQuality "1"]

{[%evp 15,67,16,13,14,18,0,47,0,2,0,0,0,0,-35,-32,-22,0,0,24,37,28,24,30,15,37,15,18,8,15,15,39,16,64,57,75,88,115,120,119,114,122,114,329,0,0,0,0,0,2537,1660,29981,0,0,0]} 1. c4 c5 2. Nc3 Nc6 3. e3 e5 4. g3 (4. Nge2 Nf6 5. d4 exd4 6. exd4 d5 7. cxd5 Nxd5 8. dxc5 Ndb4 9. Qxd8+ {½-½ (9) Sulava,N (2561)-Georgiev,V (2582) France 2010}) 4... d6 5. Bg2 Bf5 6. d3 {A35: Symmetrical English: 2 Nc3 Nc6 3 Nf3} g6 7. e4 Be6 8. Nge2 Bg7 {LiveBook: 7 Games} 9. Nd5 Nge7 10. Be3 h6 $146 {[%cal Bh7h6,Bh6h5][%mdl 32]} ({Predecessor:} 10... Rb8 11. Qd2 h6 12. O-O f5 13. Nec3 a6 14. f4 Nd4 15. fxe5 dxe5 16. Rae1 g5 17. Nxe7 Qxe7 18. exf5 Nxf5 {1-0 (32) Wagdy,A (1918)-Zaalok,M Egypt 2011}) 11. Qd2 (11. O-O {with more complications.} Bd7 12. Rb1 O-O 13. Qd2 h5 14. f4) 11... Nd4 12. O-O Nxd5 13. cxd5 Bd7 14. Kh1 h5 15. h4 Bf6 16. f4 Bg4 17. fxe5 Bxe5 18. Nxd4 cxd4 19. Bf4 Qe7 20. Kh2 {[%cal Bh1h2,Bh2h3,Bh3g2][%mdl 32]} O-O 21. Bh3 Bxh3 22. Kxh3 Rac8 23. Rf2 Rc7 24. Raf1 Qd7+ 25. Kg2 Qg4 26. Bxe5 dxe5 27. Rf6 Rfc8 28. R1f2 Rc2 $2 {[#]} (28... b5 $16) 29. Qa5 $2 (29. Qxc2 $18 Rxc2 30. Rxc2) 29... Qd1 $36 {[%mdl 2048] Black fights for an advantage.} 30. d6 Rc1 {[%csl Gc1][%cal Rd1h1]} 31. Rf1 $1 {[%cal Rf1d1]} Qe2+ $2 {[%mdl 8192]} (31... Qxd3 $11 32. Qxe5 Rxf1 33. Rxf1 Rc2+ 34. Kg1 Qe3+ 35. Kh1 Rf2 36. Qe8+ Kg7 37. Qe5+ (37. Rxf2 Qxf2 38. d7 Qf3+ 39. Kh2 Qe2+ 40. Kg1 Qe3+ 41. Kh2 Qe2+ 42. Kg1 Qe3+ 43. Kh1 Qf3+ 44. Kg1 Qxg3+ 45. Kf1 Qh3+ 46. Ke2 Qe3+ 47. Kf1 Qc1+ 48. Kg2 Qxb2+ 49. Kf1 Qc1+ 50. Kg2 Qd2+ 51. Kf1 Qf4+ 52. Kg1 Qe3+ 53. Kf1 Qf3+ 54. Kg1 Qg3+ 55. Kf1 Qf3+ 56. Kg1 Qe3+ 57. Kf1 Qc1+ 58. Kg2 Qd2+ 59. Kf3 Qe3+ 60. Kg2 Qd2+ $11) 37... Kg8 38. Rxf2 Qxf2) 32. R6f2 $18 Qxd3 {[#]} 33. d7 $2 (33. Rxc1 $1 {mates} Qxe4+ 34. Kh2 Rf8 35. d7 b6 36. Qxa7 Qe3 37. Rcf1 f5 38. Qxb6) 33... Qxe4+ $11 34. Kh2 {[%mdl 32768] Precision: White = 46%, Black = 31%. . Sensor Board Error (Ke4/e5)?} 1-0

[Event "17th Prague Open 2018"]
[Site "Prague"]
[Date "2018.01.13"]
[Round "3"]
[White "Ratsma, Rosa"]
[Black "Vichnar, David"]
[Result "1/2-1/2"]
[WhiteElo "2287"]
[BlackElo "2443"]
[Annotator "TA"]
[PlyCount "83"]
[EventDate "2018.??.??"]
[EventType "swiss"]
[EventCountry "CZE"]
[SourceTitle "playchess.com"]
[Source "ChessBase"]
[SourceQuality "1"]

{[%evp 26,83,47,43,63,56,97,102,100,101,104,100,100,108,96,45,87,25,10,15,11,21,17,0,0,0,0,0,0,0,0,0,0,0,0,0,0,-14,-14,-16,-16,-23,0,0,0,0,0,0,0,0,0,0,9,0,20,20,20,8,12,0]} 1. e4 c5 2. Nf3 e6 3. d4 cxd4 4. Nxd4 Nc6 5. Nc3 Qc7 6. f4 a6 7. Nxc6 Qxc6 8. Bd3 b5 9. Qe2 Bb7 10. Bd2 Bc5 11. O-O-O {B47: Sicilian: Taimanov: 5 Nc3 Qc7 6 f4, 6 g3 and 6 Be2} Ne7 12. a3 O-O 13. Qh5 f5 (13... f6 14. Rhf1 Rf7 15. g4 b4 16. axb4 Bxb4 17. e5 f5 18. Rg1 Rc8 {0-1 (53) Saric,I (2669)-Harikrishna,P (2744) Riadh 2017}) 14. g4 {LiveBook: 5 Games} g6 15. Qg5 $1 d5 {[%cal Rd5e4]} 16. Rhe1 $146 ({Find the theoretical novelty and annotate with similar games:} 16. gxf5 exf5 17. exd5 Nxd5 18. Rhe1 Bd4 19. Nxd5 Qxd5 {0-1 (41) Lamorelle,J (2358)-Vichnar,D (2428) Prague 2017}) 16... Rf7 {[%cal Rd5e4]} ({Reject} 16... dxe4 17. Nxe4 $1 {[%mdl 512]} fxe4 18. Bxe4 $11) 17. exf5 exf5 18. gxf5 Nxf5 19. Re5 Qd7 20. Ne2 ({Better is} 20. h4 $1 $16) 20... a5 {[#]} 21. Bxf5 ({White should try} 21. Bxa5 $1 $16 {[%mdl 512] Hoping for Bb4.} Rxa5 22. Bxf5 Rxf5 23. Rxf5) 21... Rxf5 $11 22. Rxf5 Qxf5 23. Qxf5 gxf5 24. Ng3 b4 25. a4 Re8 26. Nxf5 Re2 27. Re1 Rxh2 28. Be3 Bc8 29. Nh6+ Rxh6 30. Bxc5 {[%mdl 4096] Endgame KRB-KRB} Bd7 31. b3 Rc6 32. Bd4 Bf5 33. Re2 h5 34. Rh2 {The position is equal.} h4 35. Rxh4 Rxc2+ 36. Kd1 Ra2 37. Kc1 Rc2+ 38. Kd1 Rc6 39. Kd2 Rg6 40. Rh5 Rg2+ 41. Ke3 Be4 42. Rg5+ {Precision: White = 60%, Black = 61%.} 1/2-1/2

[Event "17th Prague Open 2018"]
[Site "Prague"]
[Date "2018.01.13"]
[Round "3"]
[White "Lee, Qing Aun"]
[Black "Low, Zhen Yu Cyrus"]
[Result "0-1"]
[WhiteElo "2277"]
[BlackElo "2437"]
[Annotator "TA"]
[PlyCount "88"]
[EventDate "2018.??.??"]
[EventType "swiss"]
[EventCountry "CZE"]
[SourceTitle "playchess.com"]
[Source "ChessBase"]
[SourceQuality "1"]

{[%evp 19,88,43,61,54,70,47,45,40,48,49,40,37,35,8,14,0,0,0,0,-30,0,-46,-5,-50,-22,-50,-41,-47,-49,-41,-22,-28,0,-50,-48,-57,-26,-60,-54,-63,-18,-131,-134,-258,-132,-120,-123,-189,-176,-180,-172,-300,-283,-334,-322,-360,-360,-360,-360,-353,-343,-344,-351,-462,-394,-865,-852,-895,-825,-785,-753]} 1. e4 c5 2. Nf3 d6 3. d4 cxd4 4. Nxd4 Nf6 5. Nc3 Nc6 6. Bg5 e6 7. Qd2 a6 8. O-O-O Bd7 9. f4 h6 10. Bh4 b5 11. Bxf6 {B67: Sicilian: Richter-Rauzer: 7...a6 8 0-0-0 Bd7, lines without 9 f4 Be7} gxf6 12. Nxc6 Bxc6 13. f5 {White is slightly better.} h5 14. Kb1 Qb6 15. Qe1 Be7 16. Ne2 Qe3 {[#]} 17. Nd4 $146 ({Predecessor:} 17. Qa5 Bxe4 18. Ng3 Bc6 19. Re1 Qd4 20. fxe6 fxe6 21. Bd3 Kd7 22. Rxe6 Kxe6 23. Re1+ Qe5 24. Rxe5+ {½-½ (23) Naiditsch,A (2700)-Guilleux,F (2313) Challons 2009}) 17... Qxe1 18. Rxe1 Bd7 19. g3 Bd8 20. Bg2 Rc8 21. Rhf1 Ke7 22. Ne2 Bb6 23. Nf4 {[#] fxe6 is the strong threat.} Rcg8 24. Bf3 Rg5 25. Nh3 Rgg8 26. Nf4 h4 27. g4 h3 28. c3 a5 29. Rd1 Bc7 30. Ne2 (30. Nh5 $11) 30... d5 $1 $17 31. exd5 (31. fxe6 $17 fxe6 32. exd5 Bxh2 33. dxe6 Bxe6 34. Rfe1) 31... Bxh2 (31... exf5 $19 32. gxf5 Bxf5+ 33. Ka1 Bxh2) 32. dxe6 fxe6 33. fxe6 (33. Nd4 $17 {keeps fighting.} exf5 34. gxf5) 33... Bxe6 $19 34. Nd4 Bxg4 35. Rde1+ (35. Rd3 $142) 35... Be5 36. Nc6+ Ke6 37. Nd4+ Kd6 38. Nxb5+ Kc5 39. Nd4 h2 40. Nb3+ Kb6 41. Nd2 Bf4 42. Bxg4 $2 (42. Nc4+ Kc7 43. Be4) 42... Bxd2 {Black is clearly winning.} (42... Rxg4 $2 43. Nf3 $19) 43. Rxf6+ {[#]} Kc7 $1 44. Rf7+ Kb8 {Precision: White = 35%, Black = 56%.} 0-1

[Event "17th Prague Open 2018"]
[Site "Prague"]
[Date "2018.01.13"]
[Round "3"]
[White "Pantzar, Milton"]
[Black "Lalic, Bogdan"]
[Result "1/2-1/2"]
[WhiteElo "2268"]
[BlackElo "2415"]
[Annotator "TA"]
[PlyCount "82"]
[EventDate "2018.??.??"]
[EventType "swiss"]
[EventCountry "CZE"]
[SourceTitle "playchess.com"]
[Source "ChessBase"]
[SourceQuality "1"]

{[%evp 11,82,10,14,-14,13,-10,14,-5,-8,-13,-12,-10,0,0,0,-14,0,-2,12,-11,0,-12,-2,0,0,0,0,-10,-2,-13,-12,-13,-10,-18,-14,-18,-14,-16,-14,-17,-12,-20,-14,-19,-10,-16,-8,-6,0,0,0,0,0,-4,0,-18,0,0,0,0,0,-8,-8,-8,-8,-7,0,-14,0,0,0,0,0]} 1. e4 e6 2. d4 d5 3. exd5 exd5 4. Nf3 Nc6 5. Bf4 Bd6 6. Bxd6 {C01: Französische Verteidigung (Abtauschvariante)} Qxd6 {LiveBook: 6 Partien. Die Stellung ist ausgeglichen.} 7. Nbd2 Nge7 8. Bb5 $146 ({Vorgänger:} 8. c3 O-O 9. Bd3 Ng6 10. O-O Nf4 11. Qc2 Nxd3 {½-½ (11) Lin,C (2494)-Ganguly,S (2631) Al Ain 2015}) 8... O-O (8... Qb4 {keeps more tension.} 9. Qe2 O-O 10. O-O-O Ng6 11. a3 Qd6) 9. O-O Qb4 10. Bxc6 Nxc6 11. Nb3 Bg4 12. c3 Qd6 13. Qd3 Rfe8 14. Rfe1 h6 15. Nfd2 (15. h3 {feels hotter.} Bh5 16. Nh4 Qf6 17. g3 b6 18. Qb5) 15... Rad8 16. Re3 (16. Nc5 {with more complications.} Bc8 17. Qf3 b6 18. Nd3 Ne7 19. Rad1) 16... Rxe3 17. Qxe3 b6 18. Re1 Bd7 {zielt auf ...Te8 ab.} 19. Nf3 Re8 20. Qd2 Rxe1+ 21. Qxe1 Qe7 (21... f6 {seems wilder.} 22. Na1 Ne7 23. Nc2 Bb5 24. Ne3 Qe6) 22. Qxe7 Nxe7 $11 {[%mdl 4096] Endspiel KLS-KSS} 23. Nbd2 f6 24. Ne1 g5 25. g3 Kf7 26. f3 Ke6 27. Kf2 a5 28. Ng2 Kd6 29. f4 c5 30. fxg5 fxg5 31. Nf3 Nc6 32. Ke3 Bg4 33. Nd2 c4 34. Kf2 b5 35. Ne3 Be6 36. a3 b4 37. axb4 axb4 38. Nf3 b3 39. h4 Ke7 40. hxg5 hxg5 41. Ke2 Kf6 {Precision: Weiß = 58%, Schwarz = 37%.} 1/2-1/2